000 00741nam a2200193 i 4500
001 64383
003 ES-MaACL
005 20230906165121.0
007 t|
008 031223s1912 sp ||||1| spa d
100 1 _aFoguet, Ramón.
_951417
245 1 0 _aCódigo de las costumbres escritas de Tortosa /
_cobra comenzada por Ramón Foguet ; continuada por José Foguet Marsal ; con el juicio crítico de Víctor Covian y un trabajo sobre el Libre des Costumes por J.J. Permanyer.
260 _aTortosa :
_bQuerol,
_c1912.
300 _aCXXIV, 530 p. ;
_c24 cm.
700 1 _aFoguet Marsal, José.
_951418
700 1 _aCovián, Victor.
_941361
700 1 _aPermanyer y Ayats, Juan José (
_d1848-1919)
_9131031
852 _aES-MaACL
_jF-1267
999 _c64383
_d64383